横浜市交通局の営業所 - Statistics

General Stats
  • This quiz has been taken 28 times
  • The average score is 7 of 10
Answer Stats
営業所名 % Correct
港北
96%
磯子
87%
滝頭
83%
港南
83%
鶴見
78%
保土ケ谷
74%
浅間町
70%
65%
本牧
61%
若葉台
48%
No matching quizzes found
Score Distribution
Percent of People with Each Score
Percentile by Number Answered
Your Score History
You have not taken this quiz